Trasa Linii 132 (MPK KRAKÓW) - Statystyki

Ogólne statystyki
  • Ten quiz został rozwiązany 16 razy
  • Średni wynik to 20 z 30
Statystyki odpowiedzi
Lp. Ulica Przystanek % Poprawnych
1. Ujastek Kombinat
86%
28. (NŻ) al. 29. Listopada Cmentarz Rakowicki Zachód
79%
30. Ogrodowa Dworzec Główny Zachód
79%
14. Jancarza Miśnieńska
79%
15. Jancarza Mistrzejowice
79%
19. Dobrego Pasterza Park Wodny
79%
29. WarszawskaPawia Politechnika
79%
21. Dobrego Pasterza Rondo Barei
79%
3. al. Solidarności Struga
79%
25. al. 29. Listopada Opolska Estakada
71%
18. Dobrego PasterzaBohomolca Os. Oświecenia
71%
13. Jancarza Os. Złotego Wieku
71%
12. Srebrnych Orłów Rondo Piastowskie
71%
8. Obrońców Krzyża Arka
64%
24. al. 29. ListopadaDobrego Pasterza Dobrego Pasterza
64%
11. Mikołajczyka Dunikowskiego
64%
17. Bohomolca Marchołta
64%
23. Dobrego Pasterza Promienistych
64%
20. ↓ Dobrego Pasterza Słoneckiego
64%
7. Obrońców Krzyża Teatr Ludowy
64%
6. ↓ Obrońców Krzyża Żeromskiego
64%
27. al. 29. Listopada Biskupa Prandoty
57%
16. Bohomolca Kurzei
57%
4. Wojciechowskiego Os. Zielone
57%
10. Obrońców Krzyża Rondo Hipokratesa
57%
26. al. 29. Listopada UR al. 29. Listopada
57%
2. ↓ al. Solidarności Kombinat
50%
5. Mościckiego Os. Górali
50%
9. Obrońców Krzyża Os. Jagiellońskie
43%
22. ↑ Dobrego Pasterza Bitschana
21%
Nie znaleziono quizów pasujących do podanych kryteriów
Rozkład punktacji
Procent ludzi z każdym wynikiem
Percentyl według liczby udzielonych odpowiedzi
Twoja historia wyników
Nie rozwiązałeś tego quizu